[Event "ESP-ch U18 Rapid"]
[Site "Salobrena"]
[Date "2022.08.06"]
[Round "3"]
[White "Almeida Cubas, Mirella"]
[Black "Moll Gener, Joan"]
[Result "0-1"]
[WhiteElo "1519"]
[BlackElo "1757"]
[PlyCount "90"]
[EventDate "2022.08.06"]
[EventType "swiss (rapid)"]
[EventRounds "9"]
[EventCountry "ESP"]
[SourceTitle "EXT 2023"]
[Source "ChessBase"]
[SourceDate "2022.10.05"]
[SourceVersion "1"]
[SourceVersionDate "2022.10.05"]
[SourceQuality "1"]

1. c4 e5 2. Nc3 f5 3. g3 Nf6 4. Bg2 g6 5. d3 Bg7 6. e3 0-0 7. Nge2 d6 8. 0-0 Nc6 9. Rb1 Be6 10. b4 Rb8 11. b5 Ne7 12. a4 b6 13. Bb2 g5 14. Ra1 Ng6 15. a5 f4 16. axb6 axb6 17. exf4 gxf4 18. Nc1 Qc8 19. N1a2 Bh3 20. Nb4 Bxg2 21. Kxg2 Qf5 22. f3 fxg3 23. hxg3 Nh5 24. Ne4 Rbe8 25. Nd5 Rf7 26. Ra7 Rc8 27. Qd2 h6 28. Qe3 Kh7 29. Bc1 Nf8 30. Rh1 Ne6 31. Bb2 Rg8 32. g4 Nhf4+ 33. Nxf4 Qxf4 34. Kf2 Qxg4 35. Raa1 Rgf8 36. Nd2 Ng5 37. Ke1 Nxf3+ 38. Nxf3 Rxf3 39. Qe4+ Qxe4+ 40. dxe4 Re3+ 41. Kd2 Rxe4 42. Kc3 Re2 43. Bc1 e4+ 44. Kb3 Bxa1 45. Bxh6 Rf3+ 0-1

[Event "ESP-ch U18 Rapid"]
[Site "Salobrena"]
[Date "2022.08.06"]
[Round "1"]
[White "Garrido Outon, Alex"]
[Black "Almeida Cubas, Mirella"]
[Result "1-0"]
[WhiteElo "1999"]
[BlackElo "1519"]
[PlyCount "71"]
[EventDate "2022.08.06"]
[EventType "swiss (rapid)"]
[EventRounds "9"]
[EventCountry "ESP"]
[SourceTitle "EXT 2023"]
[Source "ChessBase"]
[SourceDate "2022.10.05"]
[SourceVersion "1"]
[SourceVersionDate "2022.10.05"]
[SourceQuality "1"]

1. e4 c5 2. Nf3 Nc6 3. d4 cxd4 4. Nxd4 g6 5. c4 Nf6 6. Nc3 d6 7. Be2 Nxd4 8. Qxd4 Bg7 9. Be3 0-0 10. Qd3 a5 11. 0-0 a4 12. Bd4 Be6 13. Rad1 Qa5 14. f4 Rfc8 15. b3 axb3 16. axb3 Bg4 17. e5 Bxe2 18. Qxe2 Nd7 19. Nd5 Re8 20. Ra1 Qd8 21. Rxa8 Qxa8 22. Nc7 Qc8 23. Nxe8 Qxe8 24. Qe3 dxe5 25. fxe5 e6 26. b4 Qe7 27. c5 h6 28. b5 Nb8 29. Ra1 Kh7 30. Ra7 Bf8 31. c6 Qb4 32. Rxb7 Qb1+ 33. Kf2 Qc2+ 34. Kg3 Kg8 35. Rxb8 Qf5 36. Qxh6 1-0

[Event "Liga Insular Gran Canaria 1a"]
[Site "Las Palmas"]
[Date "2019.03.16"]
[Round "3.4"]
[White "Almeida Cubas, Mirella"]
[Black "Garcia Almeida, Valeria"]
[Result "1/2-1/2"]
[WhiteElo "1435"]
[BlackElo "1371"]
[PlyCount "45"]
[EventDate "2019.03.02"]
[EventType "team-tourn"]
[EventRounds "7"]
[EventCountry "ESP"]
[SourceTitle "EXT 2021"]
[Source "ChessBase"]
[SourceDate "2020.10.23"]
[SourceVersion "1"]
[SourceVersionDate "2020.10.23"]
[SourceQuality "1"]
[WhiteTeam "Fundacion La Caja de Canarias II"]
[BlackTeam "Grandama II"]
[WhiteTeamCountry "ESP"]
[BlackTeamCountry "ESP"]

1. c4 c5 2. g3 Nc6 3. Bg2 g6 4. Nf3 Bg7 5. Nc3 Nf6 6. 0-0 0-0 7. d4 cxd4 8. Nxd4 a6 9. e3 Qc7 10. b3 d6 11. Bb2 Bd7 12. Qd2 Rab8 13. Rac1 Nxd4 14. Qxd4 Qc5 15. Qxc5 dxc5 16. h3 Rfd8 17. Rfd1 b5 18. cxb5 axb5 19. Ba1 Rbc8 20. Rc2 b4 21. Ne2 Bxh3 22. Rxd8+ Rxd8 23. Bxf6 1/2-1/2

[Event "Las Palmas Montalvo Memorial 11th"]
[Site "Las Palmas"]
[Date "2018.03.26"]
[Round "4"]
[White "Perez Bolanos, David"]
[Black "Almeida Cubas, Mirella"]
[Result "1/2-1/2"]
[WhiteElo "1681"]
[BlackElo "1255"]
[PlyCount "142"]
[EventDate "2018.03.24"]
[EventType "swiss"]
[EventRounds "9"]
[EventCountry "ESP"]
[SourceTitle "CBM 183 Extra"]
[Source "ChessBase"]
[SourceDate "2018.04.19"]
[SourceVersion "1"]
[SourceVersionDate "2018.04.19"]
[SourceQuality "1"]

1. e4 c5 2. Nf3 Nc6 3. d4 cxd4 4. Nxd4 d6 5. Nc3 Nf6 6. Be2 g6 7. Be3 Bg7 8. Qd2 0-0 9. Nxc6 bxc6 10. Bh6 Rb8 11. Bxg7 Kxg7 12. b3 Bb7 13. h4 Qb6 14. h5 c5 15. hxg6 fxg6 16. Nd5 Bxd5 17. exd5 Qb4 18. c3 Qe4 19. 0-0-0 Qxg2 20. Qh6+ Kf7 21. Rh2 Qe4 22. Bd3 Qf3 23. Kc2 Rh8 24. Qh4 Nxd5 25. Qc4 e6 26. Be4 Qf4 27. Rg2 Qe5 28. Bxd5 exd5 29. Rxd5 Qe6 30. Rxd6 Qxc4 31. bxc4 Rbd8 32. Ra6 Rd7 33. Rc6 Re8 34. Rxc5 Re2+ 35. Kb3 Rdd2 36. Rc7+ Re7 37. Rxe7+ Kxe7 38. a4 Ke6 39. Rh2 h5 40. Rg2 Kf5 41. c5 h4 42. Kc4 Ra2 43. c6 Rxa4+ 44. Kb5 Ra3 45. c4 Rb3+ 46. Ka6 Ra3+ 47. Kb7 Rb3+ 48. Kxa7 Ra3+ 49. Kb6 Rb3+ 50. Kc5 h3 51. c7 hxg2 52. c8Q+ Kf4 53. Qf8+ Kg4 54. Qc8+ Kf3 55. Qc6+ Kxf2 56. Qf6+ Rf3 57. Qb2+ Kg3 58. Qe5+ Kf2 59. Qd4+ Kg3 60. Qd6+ Kf2 61. Qd2+ Kf1 62. Qd1+ Kf2 63. Qc2+ Kf1 64. Qb1+ Kf2 65. Qb2+ Kf1 66. Qa1+ Kf2 67. Qb2+ Kf1 68. Qb1+ Kf2 69. Qc2+ Kf1 70. Qd1+ Kf2 71. Qd2+ Kf1 1/2-1/2

[Event "Las Palmas Montalvo Memorial 11th"]
[Site "Las Palmas"]
[Date "2018.03.24"]
[Round "1"]
[White "Guillermo Gonzalez, Alvaro"]
[Black "Almeida Cubas, Mirella"]
[Result "1-0"]
[WhiteElo "1881"]
[BlackElo "1255"]
[PlyCount "57"]
[EventDate "2018.03.24"]
[EventType "swiss"]
[EventRounds "9"]
[EventCountry "ESP"]
[SourceTitle "CBM 183 Extra"]
[Source "ChessBase"]
[SourceDate "2018.04.19"]
[SourceVersion "1"]
[SourceVersionDate "2018.04.19"]
[SourceQuality "1"]

1. e4 c5 2. Nf3 Nc6 3. d4 cxd4 4. Nxd4 d6 5. c4 Nf6 6. Nc3 g6 7. Be2 Bg7 8. Be3 0-0 9. 0-0 Bd7 10. Rc1 Rc8 11. b3 a6 12. Qd2 Re8 13. Rfd1 Ne5 14. h3 Bc6 15. f4 Ned7 16. Bf3 a5 17. Qf2 Nb8 18. Nxc6 bxc6 19. Bb6 Qd7 20. e5 Nh5 21. Bg4 f5 22. exf6 Qb7 23. Be6+ Kh8 24. fxg7+ Kxg7 25. g4 Nf6 26. g5 Nfd7 27. Bd4+ Kf8 28. Qh4 Nf6 29. Qh6# 1-0

[Event "Las Palmas Insular-chT Segunda 1718"]
[Site "Las Palmas"]
[Date "2018.03.10"]
[Round "9.1"]
[White "Almeida Cubas, Mirella"]
[Black "Bandin Lata, Daniel"]
[Result "1-0"]
[WhiteElo "1251"]
[BlackElo "1020"]
[PlyCount "93"]
[EventDate "2017.10.28"]
[EventType "team-swiss"]
[EventRounds "9"]
[EventCountry "ESP"]
[SourceTitle "EXT 2021"]
[Source "ChessBase"]
[SourceDate "2020.10.23"]
[SourceVersion "1"]
[SourceVersionDate "2020.10.23"]
[SourceQuality "1"]
[WhiteTeam "Fundacion La Caja de Canarias V"]
[BlackTeam "Telde Los Llanos III"]
[WhiteTeamCountry "ESP"]
[BlackTeamCountry "ESP"]

1. c4 c5 2. Nf3 e6 3. g3 b6 4. Bg2 Bb7 5. 0-0 a6 6. b3 d6 7. Bb2 Nf6 8. d4 cxd4 9. Nxd4 Bxg2 10. Kxg2 Be7 11. Kg1 0-0 12. Nc3 e5 13. Nc2 Nc6 14. Nd5 Nxd5 15. Qxd5 Qc7 16. e3 Bf6 17. Rfd1 Rfd8 18. Rac1 Ne7 19. Qd2 Qd7 20. Ba3 Rac8 21. Qxd6 Qxd6 22. Bxd6 Nf5 23. Ba3 Rxd1+ 24. Rxd1 Rd8 25. Rd5 Rxd5 26. cxd5 Be7 27. Bxe7 Nxe7 28. d6 Nc6 29. d7 Kf8 30. Nb4 Nd8 31. Nd5 b5 32. Kf1 Kg8 33. Ke2 f6 34. f4 Kf7 35. f5 g6 36. g4 h5 37. h3 hxg4 38. hxg4 gxf5 39. gxf5 e4 40. Kd2 Kg7 41. Kc3 Nc6 42. Nb4 Nd8 43. Kd4 Kf7 44. Nd5 Nc6+ 45. Kc5 Nd8 46. Kd6 Nb7+ 47. Kc7 1-0